| 000 | 00525 a2200181 4500 | ||
|---|---|---|---|
| 003 | OSt | ||
| 005 | 20180116182806.0 | ||
| 008 | 160825b xxu||||| |||| 00| 0 eng d | ||
| 020 | _a0 | ||
| 040 | _c0 | ||
| 082 | _a005.1 BAL 2001 | ||
| 100 | _aWilliam R. Baldwin | ||
| 245 |
_aExam Cram Exchange 2000 Design _bMicrosoft Certified Systems Engineer _cWilliam R. Baldwin |
||
| 260 |
_aDreamtech Press _bNew Delhi _c2001 |
||
| 300 |
_a356 p. _bPB |
||
| 440 | _aExam Cram Exchange 2000 Design | ||
| 942 |
_aNBS _cBK _k005.1 BAL _2ddc |
||
| 999 |
_c346057 _d346057 |
||